Total quality management and the school
Αποθηκεύτηκε σε:
| Κύριος συγγραφέας: | |
|---|---|
| Άλλοι συγγραφείς: | |
| Μορφή: | Βιβλίο |
| Γλώσσα: | English |
| Δημοσίευση: |
Buckingham, Philadelphia :
Open University Press,
1992
|
| Θέματα: | |
| Ετικέτες: |
Προσθήκη ετικέτας
Δεν υπάρχουν, Καταχωρήστε ετικέτα πρώτοι!
|
MARC
| LEADER | 00000nam a2200000 i 4500 | ||
|---|---|---|---|
| 001 | 1/86746 | ||
| 008 | 990720s1992 eng d | ||
| 020 | |a 0-335-15722-X | ||
| 035 | |l 10052144 | ||
| 040 | |a GR-MY-UA |b gre |e aacr | ||
| 041 | 0 | |a eng | |
| 082 | 0 | |a 371.200973 | |
| 100 | 1 | |a Murgatroyd, Stephen J. | |
| 245 | 1 | 0 | |a Total quality management and the school / |c Stephen Murgatroyd, Colin Morgan |
| 260 | |a Buckingham, Philadelphia : |b Open University Press, |c 1992 | ||
| 300 | |a 221 p. | ||
| 650 | 0 | 0 | |a School mamagement and organization |z United States. |
| 650 | 0 | 0 | |a Total quality management |z United States. |
| 700 | 1 | |a Morgan, Colin. | |
| 852 | |a INST |b RHODES |e 19990720 |h 371.200973 MUR |p 005400014827 |q 005400014827 |t BK |y 0 | ||
| 901 | |a BIBL4-1999-2 | ||
| 909 | |a Ρ |b 064351 | ||
| 922 | |a 4ΕΛΗ |b 199905 |c ΚΠΣ/154 |d LEADER | ||
| 970 | |z 1999/07/20 |a ΚΟΥΛΑΚΙΟΤΗ |b ΛΙΤΣΑ | ||